| 000 | 00578nam a2200229Ia 4500 | ||
|---|---|---|---|
| 008 | 180523s9999 xx 000 0 und d | ||
| 020 | _a981-243-587-5 | ||
| 050 | _aMAIN QD 251.3 | ||
| 050 | _b.M36 2003 | ||
| 100 | _aMcMurry, John. | ||
| 245 | 0 | _aFundamentals of organic chemistry / | |
| 245 | 0 | _cJohn McMurry . | |
| 250 | _a5th Edition | ||
| 260 | _aAustralia : | ||
| 260 | _bThomson-Brooks/Cole, | ||
| 260 | _c2003 | ||
| 300 | _a565 pages : | ||
| 300 | _billustrations ; | ||
| 300 | _c25 cm. | ||
| 500 | _aIncludes index. | ||
| 650 | _aChemistry, Organic. | ||
| 999 |
_c357528 _d357528 |
||